<?xml version="1.0" encoding="UTF-8"?>
<record
    xmlns:xsi="http://www.w3.org/2001/XMLSchema-instance"
    xsi:schemaLocation="http://www.loc.gov/MARC21/slim http://www.loc.gov/standards/marcxml/schema/MARC21slim.xsd"
    xmlns="http://www.loc.gov/MARC21/slim">

  <leader>01608nam a22002897a 4500</leader>
  <controlfield tag="001">000688</controlfield>
  <controlfield tag="003">DO-SdBNP</controlfield>
  <controlfield tag="005">20240723095931.0</controlfield>
  <controlfield tag="007">000688</controlfield>
  <controlfield tag="008">151217b   1981 mx     ac    00| 0 spa d</controlfield>
  <datafield tag="020" ind1=" " ind2=" ">
    <subfield code="a">0816399786</subfield>
  </datafield>
  <datafield tag="040" ind1=" " ind2=" ">
    <subfield code="a">BPMSU</subfield>
    <subfield code="b">spa</subfield>
    <subfield code="c">BPMSU</subfield>
  </datafield>
  <datafield tag="082" ind1=" " ind2="4">
    <subfield code="a">305.4</subfield>
    <subfield code="b">K69j 1981</subfield>
    <subfield code="2">22</subfield>
  </datafield>
  <datafield tag="100" ind1="1" ind2=" ">
    <subfield code="a">Knight, Juan F.</subfield>
    <subfield code="c"> </subfield>
  </datafield>
  <datafield tag="245" ind1="1" ind2="3">
    <subfield code="a">La joven moderna y el sexo </subfield>
    <subfield code="b">soluciones a problemas personales /</subfield>
    <subfield code="c">Juan F. Knight ; traducci&#xF3;n Juan Jos&#xE9; Su&#xE1;rez </subfield>
  </datafield>
  <datafield tag="260" ind1=" " ind2=" ">
    <subfield code="a">Nuevo Le&#xF3;n, M&#xE9;xico : </subfield>
    <subfield code="b">Publicaciones Interamericanas, </subfield>
    <subfield code="c">1981.</subfield>
  </datafield>
  <datafield tag="300" ind1=" " ind2=" ">
    <subfield code="a">191 p. : </subfield>
    <subfield code="b">il., retrs. ; </subfield>
    <subfield code="c">22 cm. </subfield>
  </datafield>
  <datafield tag="500" ind1=" " ind2=" ">
    <subfield code="a">Incluye referencias bibliogr&#xE1;ficas y notas al pie de las paginas. </subfield>
  </datafield>
  <datafield tag="505" ind1="0" ind2=" ">
    <subfield code="t">&#xA1;Pong&#xE1;monos de acuerdo! --</subfield>
    <subfield code="t">&#xBF;Qu&#xE9; motiva a las adolescentes? --</subfield>
    <subfield code="t">El cuerpo: maravilloso laboratorio qu&#xED;mico --</subfield>
    <subfield code="t">Problemas relacionados con la menstruaci&#xF3;n --</subfield>
    <subfield code="t">Y ahora... &#xA1;los varones! --</subfield>
    <subfield code="t">Espejismos y realidades --</subfield>
    <subfield code="t">&#xBF;De d&#xF3;nde vienen los hijos? --</subfield>
    <subfield code="t">Los pasos del amor --</subfield>
    <subfield code="t">El noviazgo serio --</subfield>
    <subfield code="t">Piel y u&#xF1;as hermosas --</subfield>
    <subfield code="t">El cuidado del cabello --</subfield>
    <subfield code="t">La belleza del busto --</subfield>
    <subfield code="t">Una silueta esbelta y elegante --</subfield>
    <subfield code="t">C&#xF3;mo hacerse querer por la gente --</subfield>
    <subfield code="t">Un cap&#xED;tulo vital --</subfield>
    <subfield code="t">Las drogas y las adolescentes --</subfield>
    <subfield code="t">El sexo artificial --</subfield>
    <subfield code="t">Enfermedades que contraer&#xE1; si juega con fuego --</subfield>
    <subfield code="t">Consejos finales --</subfield>
  </datafield>
  <datafield tag="590" ind1=" " ind2=" ">
    <subfield code="a">Inventariado, 2024/VM</subfield>
  </datafield>
  <datafield tag="650" ind1=" " ind2="4">
    <subfield code="a">Conducta sexual de las mujeres j&#xF3;venes</subfield>
  </datafield>
  <datafield tag="650" ind1=" " ind2="4">
    <subfield code="a">Juventud </subfield>
    <subfield code="x">Conducta moral</subfield>
  </datafield>
  <datafield tag="650" ind1=" " ind2="4">
    <subfield code="a"> Mujeres j&#xF3;venes </subfield>
    <subfield code="x">Cuidado e higiene</subfield>
  </datafield>
  <datafield tag="700" ind1="1" ind2=" ">
    <subfield code="a">Su&#xE1;rez, Juan Jos&#xE9; </subfield>
    <subfield code="e">traductor </subfield>
  </datafield>
  <datafield tag="910" ind1=" " ind2=" ">
    <subfield code="a">VMateo V. Control de calidad. BPMSU</subfield>
  </datafield>
  <datafield tag="942" ind1=" " ind2=" ">
    <subfield code="2">ddc</subfield>
    <subfield code="c">BK</subfield>
  </datafield>
  <datafield tag="952" ind1=" " ind2=" ">
    <subfield code="0">0</subfield>
    <subfield code="1">0</subfield>
    <subfield code="2">ddc</subfield>
    <subfield code="4">0</subfield>
    <subfield code="7">0</subfield>
    <subfield code="8">CJ-G</subfield>
    <subfield code="a">BPMET</subfield>
    <subfield code="b">BPMET</subfield>
    <subfield code="d">2016-09-19</subfield>
    <subfield code="e">FUNDI </subfield>
    <subfield code="l">0</subfield>
    <subfield code="o">BPMSU CJG 305.4 K69j 1981</subfield>
    <subfield code="p">BPMSU16090407</subfield>
    <subfield code="r">2016-09-19</subfield>
    <subfield code="w">2016-09-19</subfield>
    <subfield code="y">BK</subfield>
  </datafield>
  <datafield tag="952" ind1=" " ind2=" ">
    <subfield code="0">0</subfield>
    <subfield code="1">0</subfield>
    <subfield code="2">ddc</subfield>
    <subfield code="4">0</subfield>
    <subfield code="7">0</subfield>
    <subfield code="8">CJ-G</subfield>
    <subfield code="a">BPMET</subfield>
    <subfield code="b">BPMET</subfield>
    <subfield code="d">2016-09-19</subfield>
    <subfield code="e">FUNDI </subfield>
    <subfield code="l">0</subfield>
    <subfield code="o">BPMSU CJG 305.4 K69j 1981</subfield>
    <subfield code="p">BPMSU25070025</subfield>
    <subfield code="r">2025-07-08</subfield>
    <subfield code="t">e.2</subfield>
    <subfield code="w">2016-09-19</subfield>
    <subfield code="y">BK</subfield>
  </datafield>
  <datafield tag="999" ind1=" " ind2=" ">
    <subfield code="c">11449</subfield>
    <subfield code="d">11449</subfield>
  </datafield>
</record>
